| 000 | 00531nam a22001697a 4500 | ||
|---|---|---|---|
| 003 | OSt | ||
| 005 | 20140310182440.0 | ||
| 008 | 130312t xxu||||| |||| 00| 0 eng d | ||
| 020 | _a9780702046216 | ||
| 050 |
_aRS 189 _b.W337 2012 |
||
| 100 |
_aWatson, David G. _97951 |
||
| 245 |
_aPharmaceutical analysis / _ba textbook for pharmacy students and pharmaceutical chemists _cDavid G. Watson. |
||
| 260 |
_aEdinburgh: _bElsevier Churchill Livingstone, _cc2012. |
||
| 300 |
_a427 p. : _c25 cm. |
||
| 942 |
_2lcc _cSSLC |
||
| 999 |
_c13507 _d13507 |
||